Pokemon générique 1 - Attrapez-les tous - Statistiques

Statistiques générales
  • Ce quiz a été pris 49 fois
  • Le résultat moyen est 44 sur 78
Statistiques - réponses
Echos/Tirets Réponse % Correct
... je
100%
... jour
100%
... Un
100%
... dresseur
98%
... le
98%
... meilleur
98%
... serais
96%
... Je
93%
... me
93%
... sans
84%
... Je
82%
... être
78%
... pour
78%
... répit
78%
... tout
78%
... les
76%
... battrais
73%
... défis
73%
... Et
73%
... ferais
73%
... gagner
71%
... entière
69%
... Je
69%
... la
69%
... terre
69%
... avec
67%
... espoir
67%
... et
67%
... Les
67%
... leurs
67%
... mystères
67%
... Pokémons
67%
... de
64%
... Le
64%
... secret
64%
... leurs
62%
... Pokémon
62%
... parcourerais
60%
... pouvoirs
60%
... Traquant
58%
... vainqueur
58%
...-... Attrapez-les
49%
(...) tous
49%
... C'est
44%
... Ensemble
44%
... histoire
44%
... la
44%
... notre
44%
... pour
44%
... victoire
44%
... amitié
40%
... arrêtera
40%
... ne
40%
... Notre
40%
... nous
40%
... Pokemon
40%
... Pokémon
40%
... Rien
40%
... triomphera
40%
... Ca
33%
... d'apprentissage
33%
... demande
33%
... Un
33%
... voyage
33%
...-... Attrapez-les
31%
... du
31%
(...) tous
31%
... à
29%
... âge
29%
...-... Attrapez-les
29%
... Même
29%
... notre
29%
... Pokémon
29%
... Pokémon
29%
...-... Attrapez-les
27%
... courage
27%
... tous
27%
... tous
27%
Aucun quiz correspondant
Distribution des résultats
% des personnes avec chaque résultat
Percentile par nombre de réponses
Votre historique - résultats
Vous n’avez pas pris ce quiz